| 000 | 00844cam a22002174a 4500 | ||
|---|---|---|---|
| 005 | 20250605164226.0 | ||
| 008 | 250528s ||||||||||||||||||||||||d | ||
| 035 | _a20878 | ||
| 020 | _a9789602252307 | ||
| 040 |
_aGR-AtMCL _bgre _dGR-AtMCL _eAACR2 |
||
| 245 | 1 | _aΑν δεν κάνουμε αγώνα δε θα μείνει ούτε σταγόνα | |
| 250 | _a1η | ||
| 260 |
_bΕ.Ρώσση, _c2010 |
||
| 300 | _a20 | ||
| 520 | _aΠεριέχει CD. Ένα βιβλίο με "Δροσερή Εικονογράφηση που Πραγματεύεται με Χιούμορ κι Ευαισθησία το Πρόβλημα της Αλόγιστης Σπατάλης του Νερού. | ||
| 700 | 1 |
_aΛαζαρίνη Ακριβή _96259 |
|
| 700 | 1 |
_aΣπύρου Ακριβή _96859 |
|
| 942 | _cBK | ||
| 999 |
_c5959 _d5959 |
||